| 000 | 00946nam a2200229Ia 4500 | ||
|---|---|---|---|
| 003 | Ost | ||
| 005 | 20260507075436.0 | ||
| 008 | 260507s9999||||xx |||||||||||||| ||und|| | ||
| 040 | _cfsecg | ||
| 041 | _aara | ||
| 082 | _a658.57 | ||
| 100 |
_aحمدان، فتحى خليل _eمؤلف |
||
| 245 | 0 |
_aمقدمة في بحوث العمليات / _c فتحى خليل حمدان |
|
| 250 | _aطبعة 4 | ||
| 260 |
_aعمان: _bدار وائل للنشر و التوزيع, _c2004 |
||
| 300 |
_a213 صفحة؛ _bإيضاحات ؛ _c24 سم |
||
| 504 | _aببليوغرافيا: ص.213 | ||
| 520 | _aمفهوم بحوث العمليات وتطورها التاريخي، برمجة الخطية، النموذج المقابل، تحليل الحساسية، مشاكل النقل، مشاكل التعيين، شبكات الأعمال | ||
| 653 | _aالبرمجة الخطية | ||
| 653 | _aبحوث العمليات | ||
| 942 | _cكتاب | ||
| 999 |
_c44544 _d44544 |
||